Mechanical Engineering (Record no. 553656)

000 -LEADER
fixed length control field 00381nam a22001337a 4500
082 ## - DEWEY DECIMAL CLASSIFICATION NUMBER
Classification number CP29
100 ## - MAIN ENTRY--PERSONAL NAME
Personal name Capt Sadaf Saeed
9 (RLIN) 50910
245 ## - TITLE STATEMENT
Title Mechanical Engineering
Remainder of title Course Pack
Statement of responsibility, etc. Capt Sadaf Saeed
250 ## - EDITION STATEMENT
Edition statement Spring-2015
260 ## - PUBLICATION, DISTRIBUTION, ETC.
Place of publication, distribution, etc. Risalpur
Name of publisher, distributor, etc. MCE
Date of publication, distribution, etc. Spring-2015
500 ## - GENERAL NOTE
General note BE-Civil Engineering OD/CED 82/83
526 ## - STUDY PROGRAM INFORMATION NOTE
Program name 0
Interest level 0
Reading level 0
Title point value CP_000000000000000_29
942 ## - ADDED ENTRY ELEMENTS (KOHA)
Source of classification or shelving scheme
Koha item type Book Bank
Holdings
Withdrawn status Lost status Source of classification or shelving scheme Damaged status Not for loan Permanent Location Current Location Date acquired Total Checkouts Full call number Barcode Date last seen Date last checked out Price effective from Koha item type
          Military College of Engineering (MCE) Military College of Engineering (MCE) 02/23/2016 4 CP29 MCE-CP29 03/13/2019 03/13/2019 02/23/2016 Book Bank
© 2023 Central Library, National University of Sciences and Technology. All Rights Reserved.